[Event "Mittelrhein Verbandsliga-M 15/16"]
[Site "Nordrheinwestfalen"]
[Date "2016.01.10"]
[Round "6.2"]
[White "Zotkin, Alexander"]
[Black "Hoefer, Axel"]
[Result "1/2-1/2"]
[WhiteElo "1828"]
[BlackElo "2017"]
[PlyCount "104"]
[EventDate "2015.09.06"]
[EventType "team-tourn"]
[EventRounds "11"]
[EventCountry "GER"]
[SourceTitle "EXT 2022"]
[Source "ChessBase"]
[SourceDate "2021.10.06"]
[SourceVersion "1"]
[SourceVersionDate "2021.10.06"]
[SourceQuality "1"]
[WhiteTeam "Koeln Longerich"]
[BlackTeam "Koeln Muelheim"]
[WhiteTeamCountry "GER"]
[BlackTeamCountry "GER"]

1. e4 e6 2. d4 d5 3. Nc3 Bb4 4. e5 Ne7 5. Bd3 c5 6. dxc5 Nbc6 7. f4 d4 8. a3 Ba5 9. b4 Nxb4 10. axb4 Bxb4 11. Nge2 dxc3 12. Ba3 Qa5 13. Bxb4 Qxb4 14. Rb1 Qxc5 15. Rb3 0-0 16. Rxc3 Qa5 17. Qd2 Bd7 18. Rb3 Qxd2+ 19. Kxd2 Bc6 20. Rg1 Rfd8 21. Nc3 Nd5 22. g3 Nxc3 23. Rxc3 Kf8 24. Ke3 Rac8 25. g4 Bd5 26. Rxc8 Rxc8 27. Kd4 Ke7 28. h4 h6 29. f5 Rd8 30. Ke3 Bc6 31. c4 a6 32. Rb1 Rf8 33. Kf4 Rd8 34. Ke3 Ra8 35. Be4 Bxe4 36. Kxe4 Rb8 37. c5 Kd7 38. Rb6 Rc8 39. Kd4 Rc7 40. h5 a5 41. Rb5 Kc8 42. Rxa5 Rd7+ 43. Ke4 Kb8 44. Rb5 Kc7 45. Rb6 Re7 46. Rd6 Re8 47. Kf4 Kc8 48. g5 hxg5+ 49. Kxg5 exf5 50. Kxf5 Rh8 51. Kg5 Re8 52. Kf5 Rh8 1/2-1/2

[Event "Cologne Longerich op 7th"]
[Site "Cologne"]
[Date "2010.07.30"]
[Round "1"]
[White "Spradley, Julian"]
[Black "Zotkin, Alexander"]
[Result "1/2-1/2"]
[WhiteElo "1753"]
[BlackElo "1876"]
[PlyCount "37"]
[EventDate "2010.07.30"]
[EventType "swiss"]
[EventRounds "5"]
[EventCountry "GER"]
[SourceTitle "EXT 2011"]
[Source "ChessBase"]
[SourceDate "2010.11.26"]
[SourceVersion "1"]
[SourceVersionDate "2010.11.26"]
[SourceQuality "1"]

1. e4 e6 2. Nf3 d5 3. e5 c5 4. b4 b6 5. c3 Ne7 6. d4 c4 7. a4 a6 8. h4 h5 9. g3 Nf5 10. Bh3 Nh6 11. Ng5 g6 12. f4 Nf5 13. Qf3 Ra7 14. Na3 Bd7 15. Nc2 Bc6 16. Bxf5 gxf5 17. Ne3 Qd7 18. Qd1 Be7 19. Bd2 1/2-1/2

[Event "Cologne Ford op"]
[Site "Cologne"]
[Date "2010.05.17"]
[Round "5"]
[White "Zotkin, Alexander"]
[Black "Schuldt, Norbert"]
[Result "1-0"]
[WhiteElo "1892"]
[BlackElo "1727"]
[PlyCount "95"]
[EventDate "2010.04.19"]
[EventType "swiss"]
[EventRounds "7"]
[EventCountry "GER"]
[SourceTitle "EXT 2011"]
[Source "ChessBase"]
[SourceDate "2010.11.26"]
[SourceVersion "1"]
[SourceVersionDate "2010.11.26"]
[SourceQuality "1"]

1. e4 e5 2. Nf3 Nc6 3. Bb5 Nd4 4. Nxd4 exd4 5. d3 c5 6. 0-0 a6 7. Bc4 Qc7 8. e5 b5 9. Bxf7+ Kd8 10. Bxg8 Rxg8 11. Qf3 Qc6 12. Qxc6 dxc6 13. a4 Be6 14. Nd2 Kd7 15. Ne4 Bd5 16. Bf4 Bxe4 17. dxe4 Be7 18. Bg3 c4 19. f4 Bc5 20. Rfd1 Bb6 21. f5 b4 22. Bf2 c5 23. g4 Kc6 24. Kg2 Rad8 25. Kf3 d3 26. cxd3 Rxd3+ 27. Rxd3 cxd3 28. b3 Rd8 29. Rd1 Bc7 30. Bg3 c4 31. bxc4 b3 32. e6 Bxg3 33. hxg3 b2 34. e7 Re8 35. Ke3 Rxe7 36. Rb1 Rb7 37. Kxd3 Rb3+ 38. Kd4 a5 39. g5 Kd6 40. g4 Ke7 41. c5 h6 42. gxh6 gxh6 43. e5 Kd7 44. e6+ Kc6 45. f6 Rb4+ 46. Ke5 Rxg4 47. f7 Rg2 48. f8Q 1-0

[Event "Cologne Longerich op 6th"]
[Site "Cologne"]
[Date "2009.08.21"]
[Round "1"]
[White "Stelzer, Wolfgang"]
[Black "Zotkin, Alexander"]
[Result "1/2-1/2"]
[WhiteElo "1774"]
[BlackElo "1928"]
[PlyCount "81"]
[EventDate "2009.08.21"]
[EventType "swiss"]
[EventRounds "5"]
[EventCountry "GER"]
[SourceTitle "EXT 2012"]
[Source "ChessBase"]
[SourceDate "2011.11.24"]
[SourceVersion "1"]
[SourceVersionDate "2011.11.24"]
[SourceQuality "1"]

1. c4 Nf6 2. Nc3 g6 3. g3 Bg7 4. Bg2 0-0 5. e3 e6 6. Nge2 c6 7. 0-0 d5 8. cxd5 cxd5 9. d4 Bd7 10. b3 Re8 11. Nf4 Bc6 12. Nd3 Nbd7 13. f4 Rc8 14. Bb2 Bf8 15. Rc1 Qa5 16. h3 Ne4 17. Bxe4 dxe4 18. Nf2 f5 19. g4 Nb6 20. gxf5 gxf5 21. Qh5 Re7 22. Kh2 Bg7 23. Rg1 Nd5 24. Nxd5 Qxd5 25. Rc5 Qd7 26. Ba3 Rf7 27. h4 Bd5 28. Nh3 Rf6 29. Ng5 Rh6 30. Rxc8+ Qxc8 31. Qf7+ Kh8 32. Nh3 Qg8 33. Qe7 Rg6 34. Rxg6 hxg6 35. Ng5 Qc8 36. Kh3 e5 37. dxe5 Bg8 38. Qc5 Qd8 39. Qd6 Qa5 40. Qb4 Qa6 41. Kg3 1/2-1/2

[Event "GER-ch Seniors-B 20th"]
[Site "Erfurt"]
[Date "2008.08.06"]
[Round "2"]
[White "Zotkin, Alexander"]
[Black "Reeh, Axel"]
[Result "1-0"]
[WhiteElo "1854"]
[BlackElo "1671"]
[PlyCount "79"]
[EventDate "2008.08.05"]
[EventType "swiss"]
[EventRounds "9"]
[EventCountry "GER"]
[SourceTitle "CBM 126 Extra"]
[Source "ChessBase"]
[SourceDate "2008.11.05"]
[SourceVersion "1"]
[SourceVersionDate "2008.11.05"]
[SourceQuality "1"]

1. e4 c5 2. Nf3 d6 3. d4 cxd4 4. Nxd4 Nf6 5. Nc3 a6 6. Bg5 Nc6 7. Bc4 Bd7 8. Bxf6 exf6 9. 0-0 Rc8 10. Kh1 Ne5 11. Bb3 Nc4 12. Qh5 Rc5 13. Qe2 b5 14. Bxc4 Rxc4 15. Rad1 Qc8 16. Nd5 Qb8 17. c3 Be7 18. Nf5 Bf8 19. Rfe1 Rc6 20. Rd3 Qd8 21. f4 Be6 22. Nd4 Rc8 23. f5 Bd7 24. Qh5 Be7 25. Ne6 Bxe6 26. fxe6 g6 27. exf7+ Kxf7 28. Qh6 Rc5 29. Rf1 Rxd5 30. exd5 f5 31. Qe3 Qd7 32. g4 Bf6 33. gxf5 gxf5 34. Qh3 Qe7 35. Qxf5 Rg8 36. Qxh7+ Rg7 37. Qh5+ Kg8 38. Qf5 Be5 39. Qc8+ Kh7 40. Rh3+ 1-0

[Event "Cologne-ch 55th"]
[Site "Cologne"]
[Date "2008.03.04"]
[Round "5"]
[White "Zotkin, Alexander"]
[Black "Dombrowski, Walter"]
[Result "1-0"]
[WhiteElo "2076"]
[BlackElo "2022"]
[PlyCount "107"]
[EventDate "2008.01.29"]
[EventType "swiss"]
[EventRounds "7"]
[EventCountry "GER"]
[SourceTitle "EXT 2010"]
[Source "ChessBase"]
[SourceDate "2010.11.25"]
[SourceVersion "1"]
[SourceVersionDate "2010.11.25"]
[SourceQuality "1"]

1. e4 c5 2. Nf3 Nc6 3. d4 cxd4 4. Nxd4 d6 5. Nc3 a6 6. Be3 Nf6 7. Be2 Bd7 8. Qd2 b5 9. a3 Rc8 10. f4 g6 11. 0-0 Bg7 12. f5 Ne5 13. Bh6 0-0 14. Bxg7 Kxg7 15. Kh1 Bc6 16. Nxc6 Rxc6 17. h3 Qc8 18. Rf2 Nc4 19. Bxc4 Rxc4 20. Re1 Qc5 21. Rf3 Qe5 22. Qf4 Rfc8 23. Qxe5 dxe5 24. g4 Rd4 25. Rd3 Rxd3 26. cxd3 Rd8 27. Rd1 g5 28. Kg2 h5 29. gxh5 Kh6 30. Kf3 Kxh5 31. Ne2 Kh4 32. d4 e6 33. fxe6 fxe6 34. Ke3 exd4+ 35. Rxd4 Rxd4 36. Nxd4 Kxh3 37. Nxe6 g4 38. Nf4+ Kh2 39. e5 Ne8 40. e6 g3 41. Kf3 a5 42. e7 Nd6 43. b3 Kg1 44. Ne2+ Kf1 45. Nxg3+ Ke1 46. Nf5 Ne8 47. Ke3 Kd1 48. Kd3 Kc1 49. Kc3 Kb1 50. b4 axb4+ 51. axb4 Ka2 52. Kd4 Kb3 53. Kc5 Ka4 54. Nd6 1-0

[Event "Cologne-ch 55th"]
[Site "Cologne"]
[Date "2008.02.27"]
[Round "4"]
[White "Michalczak, Thomas"]
[Black "Zotkin, Alexander"]
[Result "1-0"]
[WhiteElo "2340"]
[BlackElo "2076"]
[PlyCount "109"]
[EventDate "2008.01.29"]
[EventType "swiss"]
[EventRounds "7"]
[EventCountry "GER"]
[SourceTitle "EXT 2010"]
[Source "ChessBase"]
[SourceDate "2010.11.25"]
[SourceVersion "1"]
[SourceVersionDate "2010.11.25"]
[SourceQuality "1"]

1. e4 c5 2. Nf3 d6 3. d4 cxd4 4. Nxd4 Nf6 5. Nc3 a6 6. Be3 e5 7. Nb3 Be6 8. f3 Nbd7 9. g4 b5 10. g5 b4 11. Nd5 Nxd5 12. exd5 Bf5 13. Bd3 Bxd3 14. Qxd3 Be7 15. h4 0-0 16. 0-0-0 a5 17. Kb1 f5 18. gxf6 Nxf6 19. h5 Qe8 20. Rdg1 Kh8 21. Bg5 Qf7 22. Bxf6 Bxf6 23. Nd2 a4 24. Nc4 Be7 25. Rg3 Qf4 26. Rhg1 Rf7 27. Nb6 Raf8 28. Nxa4 Qh4 29. b3 Qxh5 30. f4 exf4 31. Rh3 Qf5 32. Qf3 Bf6 33. Re1 Rc8 34. Rh2 g5 35. Nb6 Rg8 36. Nc4 Be5 37. Nxe5 dxe5 38. d6 g4 39. Qd5 Re8 40. Rhe2 Qe6 41. Qb5 Rd8 42. Rxe5 Qxd6 43. Rg5 f3 44. Rxg4 f2 45. Rc1 Rdf8 46. Rf1 Qe6 47. Qxb4 Qe2 48. Qc3+ Rf6 49. Qh3 Re8 50. Kb2 Qxf1 51. Qxf1 Re1 52. Qc4 Re8 53. Rf4 Ref8 54. Qd4 Kg7 55. Rxf2 1-0

[Event "GER-ch Seniors Gp-A 19th"]
[Site "Templin"]
[Date "2007.08.24"]
[Round "2"]
[White "Bade, Heidrun"]
[Black "Zotkin, Alexander"]
[Result "1/2-1/2"]
[WhiteElo "1760"]
[BlackElo "1780"]
[PlyCount "67"]
[EventDate "2007.08.23"]
[EventType "swiss"]
[EventRounds "9"]
[EventCountry "GER"]
[SourceTitle "EXT 2022"]
[Source "ChessBase"]
[SourceDate "2021.10.06"]
[SourceVersion "1"]
[SourceVersionDate "2021.10.06"]
[SourceQuality "1"]

1. e4 g6 2. d4 Bg7 3. Nf3 d6 4. Nc3 Nf6 5. Bc4 0-0 6. 0-0 Nc6 7. h3 e5 8. dxe5 Nxe5 9. Nxe5 dxe5 10. Bg5 h6 11. Bh4 g5 12. Bg3 Nd7 13. Qe2 c6 14. Rad1 Qe7 15. Rd2 Nc5 16. Rfd1 Ne6 17. Qe3 Qb4 18. Bb3 Nd4 19. a3 Qa5 20. Ne2 Nxb3 21. cxb3 Be6 22. b4 Qa6 23. Rd6 Qb6 24. Qc3 Rad8 25. Qc5 Qxc5 26. bxc5 Rxd6 27. Rxd6 Re8 28. b4 f6 29. f3 a5 30. Be1 axb4 31. Bxb4 Bf8 32. Rd2 Kf7 33. Kf2 Kg6 34. g4 1/2-1/2

[Event "GER-ch Seniors-A 17th"]
[Site "Essen"]
[Date "2005.08.28"]
[Round "8"]
[White "Boehme, Erich"]
[Black "Zotkin, Alexander"]
[Result "1-0"]
[WhiteElo "2051"]
[BlackElo "1893"]
[PlyCount "87"]
[EventDate "2005.08.20"]
[EventType "swiss"]
[EventRounds "9"]
[EventCountry "GER"]
[SourceTitle "CBM 108 Extra"]
[Source "ChessBase"]
[SourceDate "2005.11.04"]
[SourceVersion "1"]
[SourceVersionDate "2005.11.04"]
[SourceQuality "1"]

1. c4 Nf6 2. Nc3 e6 3. e4 d6 4. d4 Be7 5. g3 0-0 6. Bg2 e5 7. d5 c6 8. Nge2 cxd5 9. cxd5 h6 10. 0-0 Nh7 11. Be3 f5 12. f4 Bf6 13. Qd2 Qe7 14. Rac1 Na6 15. a3 fxe4 16. Nxe4 Bf5 17. N2c3 g5 18. Nxf6+ Nxf6 19. fxg5 Ng4 20. gxh6 Nxe3 21. Qxe3 Nc5 22. Be4 Bxe4 23. Nxe4 Nxe4 24. Qxe4 Qg5 25. h7+ Kh8 26. Rc2 Rxf1+ 27. Kxf1 Rf8+ 28. Kg2 Qf6 29. Qe2 Kxh7 30. Rc7+ Rf7 31. Qh5+ Kg7 32. Rxf7+ Qxf7 33. Qxf7+ Kxf7 34. Kf3 Kf6 35. h4 Kf5 36. g4+ Kf6 37. Ke4 Kg6 38. g5 a5 39. a4 Kf7 40. Kf5 Kg7 41. h5 Kh7 42. h6 Kg8 43. g6 Kh8 44. Kf6 1-0

[Event "GER-chA Seniors 16th"]
[Site "Templin"]
[Date "2004.09.08"]
[Round "5"]
[White "Zotkin, Alexander"]
[Black "Becker, Guenter"]
[Result "1-0"]
[WhiteElo "1874"]
[BlackElo "1632"]
[PlyCount "103"]
[EventDate "2004.09.04"]
[EventType "swiss"]
[EventRounds "9"]
[EventCountry "GER"]
[SourceTitle "EXT 2005"]
[Source "ChessBase"]
[SourceDate "2004.11.15"]
[SourceVersion "1"]
[SourceVersionDate "2004.11.15"]
[SourceQuality "1"]

1. e4 d5 2. exd5 Qxd5 3. d4 e5 4. dxe5 Qxd1+ 5. Kxd1 Bc5 6. f4 Bg4+ 7. Be2 Bxe2+ 8. Nxe2 Nc6 9. c3 Nge7 10. Kc2 0-0-0 11. Nd2 Nd5 12. Ne4 Bb6 13. Bd2 h6 14. Rad1 Rhe8 15. N4g3 Be3 16. Nf5 Bxd2 17. Rxd2 g6 18. Nxh6 Ne3+ 19. Kc1 Rxd2 20. Kxd2 Nxg2 21. Nxf7 Re7 22. Ng5 Rd7+ 23. Kc1 Ne3 24. Nf3 Ne7 25. Nfd4 c5 26. Nc2 N7f5 27. Nxe3 Nxe3 28. Ng3 Kd8 29. Ne4 Rd5 30. Rg1 Ke7 31. Nd2 Kf7 32. Rg3 Rd3 33. a4 Rxd2 34. Rxe3 Rxh2 35. Rd3 Ke7 36. Rf3 Rh4 37. Rf2 Ke6 38. Kc2 g5 39. fxg5 Rg4 40. g6 Rxg6 41. Rf6+ Rxf6 42. exf6 Kxf6 43. Kd3 Ke5 44. Kc4 Kd6 45. Kb5 Kd5 46. b3 b6 47. c4+ Kd6 48. Ka6 Kc6 49. Kxa7 b5 50. Ka6 bxc4 51. bxc4 Kc7 52. Kb5 1-0

[Event "Cologne Longerich op 3rd"]
[Site "Cologne"]
[Date "2004.07.24"]
[Round "4"]
[White "Grabowski, Johann"]
[Black "Zotkin, Alexander"]
[Result "0-1"]
[WhiteElo "1780"]
[BlackElo "1844"]
[PlyCount "51"]
[EventDate "2004.06.26"]
[EventType "swiss"]
[EventRounds "7"]
[EventCountry "GER"]
[SourceTitle "EXT 2006"]
[Source "ChessBase"]
[SourceDate "2005.11.24"]
[SourceVersion "1"]
[SourceVersionDate "2005.11.24"]
[SourceQuality "1"]

1. e4 e6 2. d4 d5 3. Nc3 dxe4 4. Nxe4 Nd7 5. Bd3 Ngf6 6. Bg5 Be7 7. Nf3 Nxe4 8. Bxe7 Nxf2 9. Kxf2 Qxe7 10. Re1 0-0 11. Qd2 c5 12. c3 Nf6 13. Kg1 cxd4 14. c4 Bd7 15. Re5 Ng4 16. Rh5 g6 17. Rh4 f5 18. Re1 e5 19. h3 Ne3 20. Qf2 Qf6 21. Qg3 Rad8 22. Rh6 Kg7 23. Ng5 Rh8 24. Qh4 f4 25. Rxh7+ Kg8 26. Bb1 0-1

[Event "NRW-ch op Seniors 14th"]
[Site "Beverungen"]
[Date "2003.06.17"]
[Round "4.6"]
[White "Zotkin, Alexander"]
[Black "Kempen, Willi"]
[Result "0-1"]
[WhiteElo "1943"]
[BlackElo "2166"]
[PlyCount "96"]
[EventDate "2003.06.14"]
[EventType "swiss"]
[EventRounds "9"]
[EventCountry "GER"]
[SourceTitle "EXT 2004"]
[Source "ChessBase"]
[SourceDate "2003.11.25"]
[SourceVersion "1"]
[SourceVersionDate "2003.11.25"]
[SourceQuality "1"]

1. e4 e5 2. Nf3 Nc6 3. Bb5 a6 4. Ba4 Nf6 5. 0-0 Be7 6. Re1 b5 7. Bb3 d6 8. c3 0-0 9. h3 Nd7 10. d4 Bf6 11. d5 Na5 12. Bc2 Nb6 13. b3 Bd7 14. Be3 Nb7 15. Nbd2 c6 16. c4 c5 17. Nh2 Bg5 18. Qe2 b4 19. Rf1 Qf6 20. Ng4 Bxg4 21. hxg4 Bxe3 22. Qxe3 Qf4 23. Qxf4 exf4 24. g3 fxg3 25. f4 Nd7 26. Kg2 f6 27. Nf3 Nd8 28. Rh1 h6 29. e5 fxe5 30. g5 Rxf4 31. gxh6 e4 32. h7+ Kh8 33. Nh4 Kxh7 34. Kxg3 Rf6 35. Bxe4+ Kg8 36. Ng6 Nf7 37. Nf4 Ng5 38. Bg2 Raf8 39. Ne6 Nxe6 40. dxe6 Rg6+ 41. Kh3 Rf5 42. Kh2 Ne5 43. Raf1 Rh5+ 44. Kg1 Rhg5 45. Rf2 Rxe6 46. Kf1 Nd3 47. Bd5 Rxd5 48. cxd5 Re1+ 0-1